[Event "LSS WC-2006-F-00001"]
[Site "LSS email"]
[Date "2007.09.12"]
[Round "?"]
[White "Gordh, David"]
[Black "Massimini Gerbino, Massimiliano"]
[Result "1/2-1/2"]
[WhiteElo "2436"]
[BlackElo "2309"]
[PlyCount "77"]
[EventDate "2007.09.12"]
[EventType "tourn (corr)"]
[EventRounds "14"]
[EventCountry "GER"]
[SourceTitle "Corr 2015"]
[Source "ChessBase"]
[SourceDate "2015.07.17"]
[SourceVersion "1"]
[SourceVersionDate "2015.07.17"]
[SourceQuality "1"]

1. d4 d5 2. c4 dxc4 3. e4 e5 4. Nf3 exd4 5. Bxc4 Nc6 6. 0-0 Be6 7. Bb5 Bc5 8. Nbd2 Nge7 9. Ng5 Qd6 10. Nxe6 Qxe6 11. Nb3 Qd6 12. Bf4 Qxf4 13. Nxc5 0-0 14. Rc1 Rfb8 15. g3 Qh6 16. f4 a6 17. Bxc6 Nxc6 18. e5 a5 19. Qf3 a4 20. Rfd1 Qh3 21. Nxb7 Rxb7 22. Qxc6 Rab8 23. Rd2 h5 24. Qxa4 Rxb2 25. Qxd4 Rxd2 26. Qxd2 h4 27. Qg2 Qg4 28. Rf1 c5 29. Qf3 Qe6 30. a4 c4 31. Re1 Rb2 32. Qa8+ Kh7 33. Qe4+ g6 34. f5 Qb6+ 35. Kh1 hxg3 36. hxg3 gxf5 37. Qxf5+ Qg6 38. g4 Ra2 39. Rc1 1/2-1/2

[Event "LSS WC-2006-F-00001"]
[Site "LSS email"]
[Date "2007.09.12"]
[Round "?"]
[White "Gordh, David"]
[Black "Robson, Nigel"]
[Result "1/2-1/2"]
[WhiteElo "2443"]
[BlackElo "2646"]
[PlyCount "96"]
[EventDate "2007.09.12"]
[EventType "tourn (corr)"]
[EventRounds "14"]
[EventCountry "GER"]
[SourceTitle "Corr 2011"]
[Source "ChessBase"]
[SourceDate "2010.08.31"]
[SourceVersion "1"]
[SourceVersionDate "2010.08.31"]
[SourceQuality "1"]

1. d4 Nf6 2. c4 g6 3. Nc3 Bg7 4. e4 d6 5. Nf3 0-0 6. Be2 e5 7. 0-0 Nc6 8. d5 Ne7 9. Ne1 Nd7 10. Be3 f5 11. f3 f4 12. Bf2 g5 13. Rc1 Rf6 14. c5 Nxc5 15. b4 Na6 16. Nb5 c6 17. dxc6 Nxc6 18. a3 Rh6 19. Qd2 Kh8 20. Nc2 Nc7 21. a4 Nxb5 22. axb5 Ne7 23. Rfd1 b6 24. Na3 d5 25. exd5 Rd6 26. h4 Rxd5 27. Qe1 g4 28. fxg4 e4 29. h5 Bb7 30. Bh4 Qd7 31. h6 Bxh6 32. Bf6+ Bg7 33. Bxg7+ Kxg7 34. Qc3+ Kg6 35. Qe5 Rxe5 36. Rxd7 Bd5 37. Rcc7 Re8 38. Nc4 Bxc4 39. Bxc4 e3 40. Kf1 Kf6 41. Rd6+ Kg5 42. Rdd7 h5 43. Bf7 hxg4 44. Bxe8 f3 45. gxf3 gxf3 46. Ke1 Nf5 47. Rg7+ Nxg7 48. Rxg7+ Kh6 1/2-1/2

[Event "IECG CM.2005.0.00292"]
[Site "IECG email"]
[Date "2005.12.18"]
[Round "?"]
[White "Guzman, Carlos M"]
[Black "Gordh, David"]
[Result "1/2-1/2"]
[WhiteElo "2361"]
[BlackElo "2380"]
[PlyCount "111"]
[EventDate "2005.12.18"]
[EventType "tourn (corr)"]
[EventRounds "6"]
[SourceTitle "Corr 2008"]
[Source "ChessBase"]
[SourceDate "2008.06.24"]
[SourceVersion "1"]
[SourceVersionDate "2008.06.24"]
[SourceQuality "1"]

1. d4 d5 2. c4 c6 3. Nf3 Nf6 4. Nc3 e6 5. g3 Nbd7 6. Bg2 Be7 7. 0-0 0-0 8. b3 b6 9. Bb2 Ba6 10. Re1 dxc4 11. bxc4 Bxc4 12. Nd2 Ba6 13. Bxc6 Rc8 14. Bg2 Nb8 15. a3 Nc6 16. Nb3 Bc4 17. e3 b5 18. Nd2 Na5 19. Rc1 Qd7 20. e4 Rfd8 21. d5 Rc5 22. Qf3 a6 23. Qe3 Qc7 24. h3 Rc8 25. f4 exd5 26. exd5 Bf8 27. Kh2 Rd8 28. d6 Rxd6 29. Nde4 Nxe4 30. Nxe4 Re6 31. Qc3 Rh5 32. Qf3 Rf5 33. Qg4 g6 34. Qf3 Nb7 35. Qc3 f6 36. Nd2 Rxe1 37. Rxe1 Nd6 38. Nf1 Rc5 39. Ne3 Ba2 40. Qd2 Nc4 41. Bd5+ Rxd5 42. Qxd5+ Qf7 43. Qxf7+ Kxf7 44. Nxc4 Bxc4 45. Rd1 Ke8 46. Bc3 Bxa3 47. Ra1 Be7 48. Rxa6 Kf7 49. Rb6 h5 50. g4 h4 51. f5 g5 52. Rc6 Bd5 53. Rc8 Bd6+ 54. Kg1 b4 55. Bb2 Bb7 56. Rd8 1/2-1/2

[Event "IECG CM.2005.0.00282"]
[Site "IECG email"]
[Date "2005.07.19"]
[Round "?"]
[White "Gordh, David"]
[Black "Baklanov, Valentin Petrovich"]
[Result "1/2-1/2"]
[WhiteElo "2373"]
[BlackElo "2341"]
[PlyCount "110"]
[EventDate "2005.07.19"]
[EventType "tourn (corr)"]
[EventRounds "6"]
[SourceTitle "Corr 2008"]
[Source "ChessBase"]
[SourceDate "2008.06.24"]
[SourceVersion "1"]
[SourceVersionDate "2008.06.24"]
[SourceQuality "1"]

1. c4 e5 2. Nc3 Nc6 3. g3 g6 4. Bg2 Bg7 5. d3 d6 6. Nf3 Nge7 7. 0-0 0-0 8. Rb1 a5 9. Bd2 h6 10. a3 Be6 11. b4 axb4 12. axb4 Qd7 13. b5 Nd8 14. Qb3 Bg4 15. Qb4 f5 16. h3 Bh5 17. Nh2 g5 18. Ra1 Rb8 19. Ra7 Nc8 20. Ra2 Ne6 21. Re1 Nd4 22. e3 Ne6 23. Na4 Ne7 24. Qb1 Bg6 25. Bb4 f4 26. Nc3 Nc5 27. Rd1 e4 28. Nxe4 Nxe4 29. dxe4 fxg3 30. fxg3 Qe6 31. Qd3 h5 32. b6 c5 33. Be1 Nc8 34. Bc3 Bxc3 35. Qxc3 Nxb6 36. e5 dxe5 37. Rad2 Qe7 38. Nf3 Be4 39. Rd6 Bxf3 40. Rg6+ Kf7 41. Rh6 Rh8 42. Rxb6 Bxd1 43. Bd5+ Kg7 44. Re6 Qxe6 45. Bxe6 Kf6 46. Bd7 Bf3 47. Qd3 Ke7 48. Qf5 Ra8 49. Qxf3 Ra1+ 50. Kf2 Ra2+ 51. Ke1 Rd8 52. Qd5 Rxd7 53. Qxe5+ Kd8 54. Qb8+ Ke7 55. Qe5+ Kd8 1/2-1/2

[Event "IECG CM.2005.0.00282"]
[Site "IECG email"]
[Date "2005.07.19"]
[Round "?"]
[White "Vostrotin, Vadim Vladimirovich"]
[Black "Gordh, David"]
[Result "1-0"]
[WhiteElo "2363"]
[BlackElo "2373"]
[PlyCount "105"]
[EventDate "2005.07.19"]
[EventType "tourn (corr)"]
[EventRounds "6"]
[SourceTitle "Corr 2008"]
[Source "ChessBase"]
[SourceDate "2008.06.24"]
[SourceVersion "1"]
[SourceVersionDate "2008.06.24"]
[SourceQuality "1"]

1. d4 d5 2. c4 e6 3. Nf3 Nf6 4. Bg5 Be7 5. e3 h6 6. Bh4 0-0 7. Nc3 b6 8. Rc1 Bb7 9. Bxf6 Bxf6 10. cxd5 exd5 11. b4 c5 12. bxc5 bxc5 13. Bb5 a6 14. Ba4 Nd7 15. 0-0 c4 16. Bxd7 Qxd7 17. Ne5 Qe6 18. Rb1 Bxe5 19. Rxb7 Qc6 20. Rb2 Rab8 21. Rxb8 Bxb8 22. Qa4 Qxa4 23. Nxa4 f5 24. Rb1 Bc7 25. g3 g5 26. Kf1 Ba5 27. Nc5 Rf6 28. Ke2 Rd6 29. Nb7 Rb6 30. Rxb6 Bxb6 31. Nd6 f4 32. Nf5 Kf7 33. Nxh6+ Kg6 34. Ng4 Kf5 35. Ne5 fxe3 36. Kxe3 Bc7 37. Nf3 Bd8 38. h3 Be7 39. Ng1 Bb4 40. Ne2 Ba3 41. g4+ Kf6 42. f4 Bb2 43. Kf3 Kg6 44. fxg5 Kxg5 45. Ke3 Kh4 46. Nf4 a5 47. Nxd5 Kxh3 48. Ke4 Kxg4 49. Ne3+ Kg5 50. Nxc4 Bc3 51. a4 Kf6 52. Kd5 Ke7 53. Kc5 1-0

[Event "IECG CM.2005.0.00279"]
[Site "IECG email"]
[Date "2005.06.04"]
[Round "?"]
[White "Gordh, David"]
[Black "Blauert, Joerg"]
[Result "1/2-1/2"]
[WhiteElo "2407"]
[BlackElo "2411"]
[PlyCount "33"]
[EventDate "2005.06.05"]
[EventType "tourn (corr)"]
[EventRounds "6"]
[SourceTitle "Corr 2008"]
[Source "ChessBase"]
[SourceDate "2008.06.24"]
[SourceVersion "1"]
[SourceVersionDate "2008.06.24"]
[SourceQuality "1"]

1. d4 e6 2. c4 d5 3. Nc3 Be7 4. Nf3 Nf6 5. Bg5 h6 6. Bh4 0-0 7. e3 b6 8. Bd3 Bb7 9. 0-0 Nbd7 10. cxd5 Nxd5 11. Bxe7 Qxe7 12. Nxd5 Bxd5 13. Qe2 c5 14. Rfd1 cxd4 15. Nxd4 Nc5 16. Bc4 Bb7 17. Rac1 1/2-1/2

[Event "IECG CM.2005.0.00279"]
[Site "IECG email"]
[Date "2005.06.04"]
[Round "?"]
[White "Gordh, David"]
[Black "Felicio, Clairton"]
[Result "1-0"]
[WhiteElo "2407"]
[BlackElo "2368"]
[PlyCount "83"]
[EventDate "2005.06.05"]
[EventType "tourn (corr)"]
[EventRounds "6"]
[SourceTitle "Corr 2008"]
[Source "ChessBase"]
[SourceDate "2008.06.24"]
[SourceVersion "1"]
[SourceVersionDate "2008.06.24"]
[SourceQuality "1"]

1. d4 d5 2. c4 e6 3. Nc3 Nf6 4. Nf3 c5 5. cxd5 Nxd5 6. e4 Nxc3 7. bxc3 cxd4 8. cxd4 Nc6 9. Bc4 b5 10. Be2 a6 11. 0-0 Be7 12. a4 b4 13. d5 Na5 14. Bf4 exd5 15. exd5 0-0 16. d6 Bf6 17. Rc1 Bc3 18. Bg5 Qd7 19. Qd5 Nc6 20. Bd2 Bb7 21. Bxc3 bxc3 22. Rxc3 Ne7 23. Qd2 Nd5 24. Rb3 Rfe8 25. Bc4 Nf6 26. Ng5 Rf8 27. Rfb1 Bc6 28. Re1 Rae8 29. Rxe8 Nxe8 30. Qd3 g6 31. Qd4 h6 32. Nxf7 Rxf7 33. Rd3 h5 34. Qf4 Ng7 35. Rc3 Ne6 36. Qe5 Qa7 37. Re3 Bd7 38. Bxe6 Bxe6 39. Qxe6 Kg7 40. Qe5+ Kh7 41. Qe8 Qb7 42. h3 1-0

[Event "IECG CM.2005.0.00279"]
[Site "IECG email"]
[Date "2005.06.04"]
[Round "?"]
[White "Gordh, David"]
[Black "Monacell, James P"]
[Result "1/2-1/2"]
[WhiteElo "2407"]
[BlackElo "2471"]
[PlyCount "43"]
[EventDate "2005.06.05"]
[EventType "tourn (corr)"]
[EventRounds "6"]
[SourceTitle "Corr 2008"]
[Source "ChessBase"]
[SourceDate "2008.06.24"]
[SourceVersion "1"]
[SourceVersionDate "2008.06.24"]
[SourceQuality "1"]

1. d4 Nf6 2. c4 g6 3. Nc3 Bg7 4. e4 d6 5. Nf3 0-0 6. Be2 e5 7. 0-0 exd4 8. Nxd4 Re8 9. f3 Nc6 10. Be3 Nh5 11. Qd2 Nxd4 12. Bxd4 Nf4 13. Rfd1 Bxd4+ 14. Qxd4 Nxe2+ 15. Nxe2 b6 16. Nc3 Bb7 17. Nd5 Bxd5 18. cxd5 Qg5 19. Rac1 Re7 20. Qd2 Qe5 21. Rc4 b5 22. Rc6 1/2-1/2

[Event "IECG CM.2005.0.00270 email"]
[Site "IECG email"]
[Date "2005.03.16"]
[Round "?"]
[White "Marusiak, Lech"]
[Black "Gordh, David"]
[Result "1/2-1/2"]
[WhiteElo "2467"]
[BlackElo "2310"]
[PlyCount "78"]
[EventDate "2005.03.16"]
[EventType "tourn (corr)"]
[EventRounds "6"]
[SourceTitle "Corr 2008"]
[Source "ChessBase"]
[SourceDate "2008.06.24"]
[SourceVersion "1"]
[SourceVersionDate "2008.06.24"]
[SourceQuality "1"]

1. e4 c5 2. Nf3 Nc6 3. d4 cxd4 4. Nxd4 Nf6 5. Nc3 e5 6. Ndb5 d6 7. Bg5 a6 8. Na3 b5 9. Nd5 Be7 10. Bxf6 Bxf6 11. c3 Bg5 12. Nc2 0-0 13. a4 bxa4 14. Rxa4 a5 15. Bc4 Rb8 16. b3 Kh8 17. 0-0 f5 18. exf5 Bxf5 19. Nce3 Bg6 20. Re1 Ne7 21. Nxe7 Bxe7 22. Qd5 Ra8 23. Rea1 Bh4 24. g3 Bg5 25. Rxa5 Rxa5 26. Qxa5 Qf6 27. Qa2 Be4 28. Qe2 Bf3 29. Qe1 h5 30. Bf1 h4 31. c4 Qf7 32. Ra6 Qh5 33. Bg2 Bxg2 34. Nxg2 h3 35. Ne3 Qf3 36. Ra2 Rb8 37. Qd1 Qxd1+ 38. Nxd1 Rxb3 39. Kf1 Rb4 1/2-1/2

[Event "CFriend AT-2004-0-00242 email"]
[Site "Chessfriend.com"]
[Date "2004.11.30"]
[Round "1"]
[White "Gordh, David"]
[Black "Vaassen, Jack M"]
[Result "1-0"]
[WhiteElo "2380"]
[BlackElo "2165"]
[PlyCount "73"]
[EventDate "2004.??.??"]
[EventType "tourn (corr)"]
[EventRounds "2"]
[SourceTitle "Corr 2024"]
[Source "ChessBase"]
[SourceDate "2023.10.19"]
[SourceVersion "1"]
[SourceVersionDate "2023.10.19"]
[SourceQuality "1"]

1. d4 d5 2. c4 e6 3. Nc3 c6 4. e3 Nf6 5. Nf3 Nbd7 6. Bd3 dxc4 7. Bxc4 b5 8. Bd3 Bd6 9. 0-0 0-0 10. Qc2 Bb7 11. a3 Qe7 12. Rd1 a5 13. e4 e5 14. a4 exd4 15. Nxd4 Qe5 16. Nf3 Qh5 17. Ne2 Rfd8 18. Bf4 Bxf4 19. Nxf4 Qh6 20. Nh3 Qh5 21. axb5 cxb5 22. Qc7 Rab8 23. Rxa5 Qc5 24. Qf4 Ba8 25. Bf1 Qc2 26. Qc1 Qxe4 27. Rxb5 Rbc8 28. Qd2 Bc6 29. Rb4 Qe7 30. Nd4 Ne5 31. Nf5 Qc7 32. Rd4 Rxd4 33. Qxd4 Re8 34. Nd6 Neg4 35. Qf4 Re6 36. Ng5 Re7 37. Ngxf7 1-0

[Event "CFriend AT-2004-0-00240 email"]
[Site "Chessfriend.com"]
[Date "2004.11.30"]
[Round "1"]
[White "Shields, Glen D"]
[Black "Gordh, David"]
[Result "0-1"]
[WhiteElo "2232"]
[BlackElo "2380"]
[PlyCount "122"]
[EventDate "2004.??.??"]
[EventType "tourn (corr)"]
[EventRounds "2"]
[SourceTitle "Corr 2024"]
[Source "ChessBase"]
[SourceDate "2023.10.19"]
[SourceVersion "1"]
[SourceVersionDate "2023.10.19"]
[SourceQuality "1"]

1. e4 c5 2. Nf3 Nc6 3. d4 cxd4 4. Nxd4 Nf6 5. Nc3 e5 6. Ndb5 d6 7. Bg5 a6 8. Na3 b5 9. Bxf6 gxf6 10. Nd5 f5 11. exf5 Bxf5 12. Qf3 Nd4 13. Nc7+ Qxc7 14. Qxa8+ Ke7 15. c3 b4 16. cxb4 Bh6 17. Qxa6 Rb8 18. Rd1 Rxb4 19. Bd3 Bc8 20. Qa8 Bb7 21. Qg8 e4 22. Bb5 Nxb5 23. Qxh7 Bg5 24. Qf5 Bf6 25. Nxb5 Qa5 26. 0-0 Qxb5 27. Qxb5 Rxb5 28. b3 d5 29. Rb1 d4 30. b4 Rg5 31. Rfd1 Bc6 32. h4 Rf5 33. Rbc1 Ba4 34. Rd2 Bxh4 35. Rc4 Bf6 36. Rcxd4 Bxd4 37. Rxd4 Re5 38. Rc4 Kd6 39. Rd4+ Ke6 40. Rd8 Bc6 41. Rc8 Kd7 42. Rf8 f5 43. Kf1 Bb5+ 44. Ke1 e3 45. fxe3 Ke7 46. Ra8 Rxe3+ 47. Kf2 Re2+ 48. Kf3 Rb2 49. Kf4 Bd7 50. a3 Rxg2 51. Ra7 Kd6 52. Ra6+ Kd5 53. Kf3 Rc2 54. Ke3 Rc3+ 55. Kd2 Rb3 56. Kc2 Kc4 57. Ra8 Be6 58. Kd2 f4 59. Rf8 f3 60. Rf4+ Kd5 61. Rf8 Rxa3 0-1

[Event "CFriend AT-2004-0-00221 email"]
[Site "Chessfriend.com"]
[Date "2004.11.23"]
[Round "1"]
[White "Gordh, David"]
[Black "Esquivel, Luis"]
[Result "1-0"]
[WhiteElo "2380"]
[BlackElo "1952"]
[PlyCount "59"]
[EventDate "2004.??.??"]
[EventType "tourn (corr)"]
[EventRounds "2"]
[SourceTitle "Corr 2024"]
[Source "ChessBase"]
[SourceDate "2023.10.19"]
[SourceVersion "1"]
[SourceVersionDate "2023.10.19"]
[SourceQuality "1"]

1. d4 Nf6 2. c4 e6 3. Nc3 Bb4 4. e3 0-0 5. Bd3 d5 6. Nf3 c5 7. 0-0 dxc4 8. Bxc4 Nbd7 9. Qe2 b6 10. d5 Bxc3 11. dxe6 Ne5 12. exf7+ Kh8 13. bxc3 Bg4 14. e4 Nh5 15. Bd5 Rb8 16. Qe3 Bxf3 17. gxf3 Qh4 18. Kg2 Ng6 19. c4 Nhf4+ 20. Kh1 Nxd5 21. cxd5 Rxf7 22. Rg1 Qh3 23. Rg3 Qf1+ 24. Rg1 Qh3 25. Bb2 Qxf3+ 26. Qxf3 Rxf3 27. Raf1 Rbf8 28. e5 Kg8 29. e6 Rd8 30. Re1 1-0

[Event "CFriend AT-2004-0-00216 email"]
[Site "Chessfriend.com"]
[Date "2004.11.23"]
[Round "1"]
[White "Speisser, Patrick"]
[Black "Gordh, David"]
[Result "0-1"]
[WhiteElo "2084"]
[BlackElo "2380"]
[PlyCount "106"]
[EventDate "2004.??.??"]
[EventType "tourn (corr)"]
[EventRounds "2"]
[SourceTitle "Corr 2024"]
[Source "ChessBase"]
[SourceDate "2023.10.19"]
[SourceVersion "1"]
[SourceVersionDate "2023.10.19"]
[SourceQuality "1"]

1. e4 c5 2. Nf3 Nc6 3. d4 cxd4 4. Nxd4 Nf6 5. Nc3 e5 6. Ndb5 d6 7. Nd5 Nxd5 8. exd5 Nb8 9. c4 Be7 10. Bd3 0-0 11. 0-0 a6 12. Nc3 f5 13. Qc2 e4 14. Be2 Nd7 15. a4 Bf6 16. Bf4 Be5 17. Qd2 Qh4 18. Bg3 Qf6 19. f4 exf3 20. Rxf3 f4 21. Raf1 g5 22. Be1 Nc5 23. Qd1 Bg4 24. R3f2 Bf5 25. b4 Nd7 26. Rf3 Rae8 27. h3 Qg6 28. a5 g4 29. hxg4 Bxg4 30. R3f2 Nf6 31. Bf3 Bf5 32. Ne2 Ng4 33. Bc3 Bxc3 34. Nxc3 Nxf2 35. Rxf2 Re3 36. Qd2 Rfe8 37. Ne2 Qg5 38. c5 Bd3 39. Kh1 Be4 40. cxd6 Bxf3 41. d7 Qh5+ 42. Kg1 Bxe2 43. dxe8Q+ Qxe8 44. Rxf4 Rd3 45. Rg4+ Bxg4 46. Qxd3 Qe1+ 47. Kh2 Qxb4 48. Qe3 Qd6+ 49. Qg3 Qxg3+ 50. Kxg3 h5 51. Kf4 Kf7 52. Kg5 Ke7 53. Kf4 Kd6 0-1

[Event "IECG CC.2004.0.00100 email"]
[Site "IECG email"]
[Date "2004.08.03"]
[Round "?"]
[White "Gordh, David"]
[Black "Gladis, Daniel"]
[Result "1-0"]
[WhiteElo "1700"]
[BlackElo "1710"]
[PlyCount "141"]
[EventDate "2004.08.03"]
[EventType "tourn (corr)"]
[EventRounds "6"]
[SourceTitle "Corr 2024"]
[Source "ChessBase"]
[SourceDate "2023.10.19"]
[SourceVersion "1"]
[SourceVersionDate "2023.10.19"]
[SourceQuality "1"]

1. d4 d5 2. c4 dxc4 3. e4 e5 4. Nf3 Bb4+ 5. Nc3 exd4 6. Nxd4 Qe7 7. Bxc4 Nf6 8. 0-0 0-0 9. Bg5 Bxc3 10. Bxf6 Qxf6 11. bxc3 Nc6 12. f4 Rd8 13. e5 Qe7 14. Nxc6 Qc5+ 15. Nd4 Qxc4 16. Qb3 Qc5 17. Kh1 a5 18. Rae1 a4 19. Qb2 b6 20. f5 Ba6 21. Rf3 Re8 22. Rfe3 Bc4 23. f6 g6 24. Qf2 h5 25. Nf5 b5 26. Qf4 Qf8 27. Qg5 Bxa2 28. e6 Rxe6 29. Rxe6 Bxe6 30. Rxe6 a3 31. Re1 c6 32. Qd2 c5 33. Qg5 a2 34. Ra1 Kh7 35. Ne7 Ra6 36. h3 b4 37. Qxc5 b3 38. Qb5 Ra3 39. Qb4 Qa8 40. Nd5 Kg8 41. h4 Ra4 42. Qxb3 Rxh4+ 43. Kg1 Qa7+ 44. Qb6 Qa3 45. Qf2 Ra4 46. Qd2 Qc5+ 47. Qe3 Qxe3+ 48. Nxe3 g5 49. Nd5 Kh7 50. Kf2 Kg6 51. Ke3 Ra3 52. Kd4 h4 53. c4 Kf5 54. c5 Ra4+ 55. Kc3 Ke6 56. Nb6 Ra7 57. Kb4 g4 58. Na4 Rb7+ 59. Kc4 h3 60. gxh3 gxh3 61. Rxa2 Rb8 62. Rh2 Rh8 63. Nb2 Kd7 64. Nd3 Rh6 65. Kb5 Rxf6 66. Rxh3 Rf1 67. Rf3 Rxf3 68. Ne5+ Kc8 69. Nxf3 Kc7 70. c6 f5 71. Kc5 1-0